Педагогічні та соціально-культурні особливості розвитку сучасної освітньої діяльності Великобританії, Канади і США в умовах державного реформування освіти (Запис № 285350)
[ простий вигляд ]
| 000 -LEADER | |
|---|---|
| fixed length control field | 01919nam a22001577a 4500 |
| 041 ## - LANGUAGE CODE | |
| Language code of text/sound track or separate title | ukr |
| 080 ## - UNIVERSAL DECIMAL CLASSIFICATION NUMBER | |
| Universal Decimal Classification number | 09 |
| 090 ## - LOCALLY ASSIGNED LC-TYPE CALL NUMBER (OCLC); LOCAL CALL NUMBER (OCLC) | |
| Local cutter number (OCLC) ; Book number/undivided call number, CALL (RLIN) | ЧЕХ |
| 100 ## - MAIN ENTRY--PERSONAL NAME | |
| Personal name | Чехомська, О. М. |
| 245 ## - TITLE STATEMENT | |
| Title | Педагогічні та соціально-культурні особливості розвитку сучасної освітньої діяльності Великобританії, Канади і США в умовах державного реформування освіти |
| 260 ## - PUBLICATION, DISTRIBUTION, ETC. (IMPRINT) | |
| Place of publication, distribution, etc | Острог |
| Name of publisher, distributor, etc | КАФ |
| Date of publication, distribution, etc | 2013 |
| 300 ## - PHYSICAL DESCRIPTION | |
| Extent | 70 |
| 520 ## - SUMMARY, ETC. | |
| Summary, etc | Вступ.<br/>Розділ І. Освіта у Великобританії.<br/>1.1. Реформування освіти у Великобританії кінця ХХ початку ХХІ століття<br/>1.2. Початкова і середня освіта у Великобританії<br/>Висновки до І розділу<br/>Розділ ІІ. Освіта у США.<br/>2.1. Організація і структура освіти в Сполучених Штатах Америки, дошкільна освіта<br/>2.2. Початкова, середня і вища освіта у США<br/>2.3. Навчальні програми і нововведення в освіті США<br/>Висновки до ІІ розділу<br/>Розділ ІІІ. Освіта в Канаді.<br/>3.1. Початкова та середня освіта в Канаді<br/>3.2. Вища освіта в Канаді<br/>3.3. Порівняльна характеристика освіти Канади і України<br/>Висновки IV. Колективний договір як правовий інструмент поліпшення умов і охорони праці.<br/>Висновки.<br/>Список використаної літератури.<br/>Додати. |
| -- | освіта, США, Канада, Великобританія |
| 650 ## - SUBJECT ADDED ENTRY--TOPICAL TERM | |
| Topical term or geographic name as entry element | Research Papers |
| 942 ## - ADDED ENTRY ELEMENTS (KOHA) | |
| Koha item type | Книги |
| Withdrawn status | Lost status | Source of classification or shelving scheme | Damaged status | Not for loan | Home library | Current library | Date acquired | Source of acquisition | Cost, normal purchase price | Total Checkouts | Full call number | Barcode | Date last seen | Price effective from | Koha item type |
|---|---|---|---|---|---|---|---|---|---|---|---|---|---|---|---|
| Universal Decimal Classification | ВІЛ - Відділ іноземн. літератури НБ | ВІЛ - Відділ іноземн. літератури НБ | 12/06/2013 | Акт №7 | 1.00 | 09 | 215266 | 09/11/2021 | 12/06/2013 | Книги |